Hospodárenie s majetkom – priestor pre vyrovnávanie regionálnych rozdielov?

Často sa skúma finančné hospodárenie samosprávnych krajov, no menej sa skúma ich hospodárenie s majetkom. Stav v samosprávnych krajoch SR v časovom úseku 15 rokov (2005 – 2019) podľa ukazovateľov hospodárenia s majetkom. Identifikácia rozdielov v spôsobe financovania a v efektivite narábania s majet...

Descripción completa

Guardado en:
Detalles Bibliográficos
Autor principal: Žárska, Elena, 1955-
Formato: Capítulo de libro
Lenguaje:eslovaco
Materias:
Etiquetas: Agregar Etiqueta
Sin Etiquetas, Sea el primero en etiquetar este registro!

MARC

LEADER 00000naa$a2200000$$$4500
001 0286607
005 20240502083915.1
041 0 |a slo 
044 |a CZ 
245 1 0 |a Hospodárenie s majetkom – priestor pre vyrovnávanie regionálnych rozdielov?  |c Elena Žárska 
520 |a Často sa skúma finančné hospodárenie samosprávnych krajov, no menej sa skúma ich hospodárenie s majetkom. Stav v samosprávnych krajoch SR v časovom úseku 15 rokov (2005 – 2019) podľa ukazovateľov hospodárenia s majetkom. Identifikácia rozdielov v spôsobe financovania a v efektivite narábania s majetkom. 
610 2 0 |a regióny 
610 2 0 |a samospráva regionálna 
610 2 0 |a majetok 
610 2 0 |a bonita 
610 2 0 |a výdavky 
610 2 0 |a kapitál 
610 2 0 |a zadlženosť 
100 1 |a Žárska, Elena, 1955-